Statystyki dla Kraków - linia tramwajowa nr 9

Kliknij tutaj aby rozwiązać quiz!

Ogólne statystyki

  • Ten quiz został rozwiązany 9 razy
  • Średni wynik to 26 z 34

Statystyki odpowiedzi

HintOdpowiedź% Poprawnych
PętlaNowy Bieżanów P+R
100%
PętlaMistrzejowice
89%
18.Białucha
78%
25.(pętla pośrednia)Bieńczycka
78%
7.Bieżanowska
78%
17.Cystersów
78%
23.Czyżyny
78%
27.DH Wanda
78%
9.Dworzec Płaszów Estakada
78%
8.Kabel
78%
32.Miśnieńska
78%
20.Muzeum Lotnictwa Polskiego
78%
2.Nowy Prokocim
78%
5.Prokocim
78%
4.Prokocim Szpital
78%
24.Rondo Czyżyńskie
78%
15.Rondo Grzegórzeckie
78%
28.(pętla pośrednia)Rondo Hipokratesa
78%
26.(pętla pośrednia)Rondo Kocmyrzowskie im. Ks. Gorzelanego
78%
16.Rondo Mogilskie
78%
30.Rondo Piastowskie
78%
22.Stella-Sawickiego
78%
19.(pętla pośrednia)TAURON Arena Kraków Wieczysta
78%
21.AWF/PK
67%
1.Ćwiklińskiej
67%
29.Dunikowskiego
67%
11.Gromadzka
67%
13.Klimeckiego
67%
12.Kuklińskiego
67%
10.Lipska
67%
31.Os. Złotego Wieku
67%
3.Teligi
67%
6.Wlotowa
67%
14.Zabłocie
67%

Rozkład punktacji

Percentyl według liczby udzielonych odpowiedzi

Procent ludzi z każdym wynikiem

Twoja historia wyników

Nie rozwiązałeś tego quizu